[Event "Brasschaat op"]
[Site "Brasschaat"]
[Date "2023.08.27"]
[Round "9"]
[White "Schuermans, Robert"]
[Black "Busschots, Johan"]
[Result "1/2-1/2"]
[WhiteElo "2045"]
[BlackElo "1819"]
[PlyCount "162"]
[EventDate "2023.08.18"]
[EventType "swiss"]
[EventRounds "9"]
[EventCountry "BEL"]
[SourceTitle "CBM 216 Extra"]
[Source "ChessBase"]
[SourceDate "2023.11.30"]
[SourceVersion "1"]
[SourceVersionDate "2023.11.30"]
[SourceQuality "1"]

1. e4 e6 2. d4 d5 3. Nc3 Bb4 4. e5 c5 5. a3 Bxc3+ 6. bxc3 Qa5 7. Bd2 Qa4 8. Qg4 Kf8 9. Qd1 b6 10. h4 Ba6 11. Nf3 Bxf1 12. Kxf1 Nc6 13. h5 h6 14. Rh4 cxd4 15. cxd4 Nge7 16. Rf4 Ke8 17. Kg1 Rc8 18. Qb1 Na5 19. Bxa5 Qxa5 20. a4 Nc6 21. Qb3 Qb4 22. Qd3 Qb2 23. Rf1 Ne7 24. Ne1 Qc3 25. Qb5+ Qc6 26. Rf3 Nf5 27. c3 Qxb5 28. axb5 Rc4 29. Nc2 Ra4 30. Rd3 Kd7 31. g4 Ne7 32. f4 g6 33. hxg6 fxg6 34. Rdd1 Rc8 35. Ra1 Rxa1 36. Rxa1 Rxc3 37. Rxa7+ Rc7 38. Rxc7+ Kxc7 39. Ne3 Nc8 40. f5 gxf5 41. gxf5 Kd7 42. f6 Na7 43. Nc2 Nxb5 44. Kf2 Nc3 45. Kf3 Ke8 46. Kg4 Ne2 47. Kh5 Kf7 48. Kxh6 b5 49. Kg5 b4 50. Nxb4 Nxd4 51. Kf4 Ke8 52. Ke3 Nf5+ 53. Kd3 Nh4 54. Nc6 Ng6 55. Kd4 Kd7 56. Na7 Kc7 57. Nb5+ Kc6 58. Nd6 Kd7 59. Nf7 Ke8 60. Ng5 Kd7 61. Nf3 Kc6 62. Ne1 Kd7 63. Nd3 Kc6 64. Ke3 Kd7 65. Nc5+ Ke8 66. Kd4 Kf7 67. Nd3 Nf8 68. Nf4 Nd7 69. Nh5 Kg6 70. Ng7 Nxf6 71. Nxe6 Nd7 72. Nf4+ Kf7 73. e6+ Ke7 74. Kxd5 Nf6+ 75. Ke5 Nd7+ 76. Kf5 Nc5 77. Nd5+ Ke8 78. e7 Kf7 79. Ke5 Nb7 80. Kd4 Nd6 81. Kc5 Nc8 1/2-1/2

[Event "Brasschaat op"]
[Site "Brasschaat"]
[Date "2023.08.24"]
[Round "6"]
[White "Wahlund, Max"]
[Black "Busschots, Johan"]
[Result "1-0"]
[WhiteElo "2021"]
[BlackElo "1819"]
[PlyCount "51"]
[EventDate "2023.08.18"]
[EventType "swiss"]
[EventRounds "9"]
[EventCountry "BEL"]
[SourceTitle "CBM 216 Extra"]
[Source "ChessBase"]
[SourceDate "2023.11.30"]
[SourceVersion "1"]
[SourceVersionDate "2023.11.30"]
[SourceQuality "1"]

1. e4 e6 2. Nf3 d5 3. e5 c5 4. b4 cxb4 5. d4 Nc6 6. a3 f6 7. axb4 Bxb4+ 8. c3 Be7 9. Bd3 fxe5 10. dxe5 Qc7 11. Bf4 Bd7 12. 0-0 Nh6 13. Na3 Nf7 14. Nb5 Qb8 15. Re1 0-0 16. Qc2 h6 17. Qe2 Nh8 18. Bc1 Be8 19. Nbd4 Nxd4 20. Nxd4 Qc8 21. Bd2 Bc5 22. Qg4 Bxd4 23. cxd4 h5 24. Qg3 Qd7 25. Rec1 Qf7 26. Bb4 1-0

[Event "Brasschaat op 15th"]
[Site "Brasschaat"]
[Date "2015.08.16"]
[Round "2"]
[White "De Cap, Jan"]
[Black "Busschots, Johan"]
[Result "0-1"]
[WhiteElo "1574"]
[BlackElo "1907"]
[PlyCount "96"]
[EventDate "2015.08.15"]
[EventType "swiss"]
[EventRounds "9"]
[EventCountry "BEL"]
[SourceTitle "EXT 2016"]
[Source "ChessBase"]
[SourceDate "2015.10.08"]
[SourceVersion "1"]
[SourceVersionDate "2015.10.08"]
[SourceQuality "1"]

1. e4 c5 2. f4 g6 3. Nf3 Nc6 4. c3 Bg7 5. d3 d6 6. Be2 Nf6 7. Nbd2 0-0 8. Nf1 c4 9. Ng3 cxd3 10. Qxd3 Qb6 11. h3 Nd7 12. Qe3 Qc7 13. Bd2 Nc5 14. Rc1 Be6 15. b3 Rac8 16. Ng5 Bd7 17. Bg4 e6 18. Be2 h6 19. Nf3 f5 20. Nh4 Kh7 21. exf5 exf5 22. 0-0 Rfe8 23. Qf3 Ne7 24. Qf2 d5 25. Be3 b6 26. Bxc5 Qxc5 27. Qxc5 bxc5 28. Rfd1 a5 29. Nf3 Bc6 30. Re1 Ng8 31. Kf1 Re3 32. c4 d4 33. Kf2 Nf6 34. Rcd1 Ne4+ 35. Nxe4 fxe4 36. Nh4 Bf6 37. g3 Bxh4 38. gxh4 Rf8 39. Kg2 Rxf4 40. Bg4 Rc3 41. Rf1 e3+ 42. Bf3 e2 43. Bxc6 exf1Q+ 44. Rxf1 Rc2+ 45. Kg1 Rxf1+ 46. Kxf1 Rxa2 47. Be4 Kg7 48. Bc6 Kf6 0-1

[Event "Brasschaat op 13th"]
[Site "Brasschaat"]
[Date "2013.08.21"]
[Round "5"]
[White "Busschots, Johan"]
[Black "Roggeveen, Pieter"]
[Result "0-1"]
[WhiteElo "1943"]
[BlackElo "2200"]
[PlyCount "34"]
[EventDate "2013.08.17"]
[EventType "swiss"]
[EventRounds "9"]
[EventCountry "BEL"]
[SourceTitle "CBM 156 Extra"]
[Source "ChessBase"]
[SourceDate "2013.10.22"]
[SourceVersion "1"]
[SourceVersionDate "2013.10.22"]
[SourceQuality "1"]

1. d4 Nf6 2. c4 e6 3. Nf3 d5 4. g3 Be7 5. Bg2 0-0 6. 0-0 dxc4 7. Qc2 a6 8. a4 Bd7 9. Qxc4 Bc6 10. Nc3 b5 11. Qd3 b4 12. Nd1 Be4 13. Qd2 Nc6 14. b3 Na5 15. Qb2 Qd5 16. Ne3 Qxb3 17. Qd2 Nd5 0-1

[Event "Brasschaat op 12th"]
[Site "Brasschaat"]
[Date "2012.08.23"]
[Round "6"]
[White "Busschots, Johan"]
[Black "Kooyman, Marcel"]
[Result "1-0"]
[WhiteElo "1968"]
[BlackElo "1821"]
[PlyCount "68"]
[EventDate "2012.08.18"]
[EventType "swiss"]
[EventRounds "9"]
[EventCountry "BEL"]
[SourceTitle "EXT 2017"]
[Source "ChessBase"]
[SourceDate "2016.10.25"]
[SourceVersion "1"]
[SourceVersionDate "2016.10.25"]
[SourceQuality "1"]

1. d4 d5 2. Nf3 Nf6 3. c4 e6 4. g3 c6 5. Qc2 Nbd7 6. Bg2 Bd6 7. Nbd2 0-0 8. 0-0 e5 9. cxd5 Nxd5 10. Nc4 Bc7 11. Ncxe5 Nxe5 12. Nxe5 Re8 13. Nf3 Nb4 14. Qb3 a5 15. a3 Be6 16. Qd1 Nd5 17. e4 Nf6 18. Re1 Bg4 19. h3 Bh5 20. Bg5 h6 21. Bxf6 Qxf6 22. e5 Qe6 23. g4 Bg6 24. Nh4 Bh7 25. Be4 Bxe4 26. Rxe4 Qd5 27. Qe2 Rad8 28. f4 Bb6 29. Nf3 c5 30. dxc5 Bxc5+ 31. Kg2 b6 32. Re1 Rd7 33. Qc4 Qxc4 34. Rxc4 Kf8 1-0

[Event "Brasschaat op 12th"]
[Site "Brasschaat"]
[Date "2012.08.20"]
[Round "3"]
[White "Luyten, Rudi"]
[Black "Busschots, Johan"]
[Result "1/2-1/2"]
[WhiteElo "1787"]
[BlackElo "1968"]
[PlyCount "80"]
[EventDate "2012.08.18"]
[EventType "swiss"]
[EventRounds "9"]
[EventCountry "BEL"]
[SourceTitle "EXT 2017"]
[Source "ChessBase"]
[SourceDate "2016.10.25"]
[SourceVersion "1"]
[SourceVersionDate "2016.10.25"]
[SourceQuality "1"]

1. d4 Nf6 2. c4 e6 3. g3 Bb4+ 4. Bd2 Qe7 5. Bg2 Nc6 6. Nf3 Bxd2+ 7. Nbxd2 0-0 8. 0-0 d6 9. a3 a5 10. Qc2 a4 11. e3 e5 12. d5 Nb8 13. Nb1 Nbd7 14. Nc3 Nc5 15. Nd2 g6 16. e4 Ne8 17. Rae1 Bd7 18. f4 f6 19. fxe5 fxe5 20. Rxf8+ Qxf8 21. Rf1 Qe7 22. Nf3 Ng7 23. Qd2 Rf8 24. Qh6 Ne8 25. Bh3 Bxh3 26. Qxh3 Kg7 27. Nd2 Rxf1+ 28. Qxf1 Nf6 29. Qd1 Qd7 30. Kg2 Kf7 31. Qf3 Ke7 32. Nf1 Qg4 33. Qxg4 Nxg4 34. h3 Nf6 35. Kf3 Nfd7 36. Ke3 Nb6 37. Nd2 Ncd7 38. Nd1 Nf6 39. Nf2 Nfd7 40. Nd3 Kf6 1/2-1/2

[Event "BEL-ch op"]
[Site "Antwerp"]
[Date "2011.07.04"]
[Round "3.6"]
[White "Busschots, Johan"]
[Black "Hamblok, Roel"]
[Result "0-1"]
[WhiteElo "1992"]
[BlackElo "2241"]
[PlyCount "52"]
[EventDate "2011.07.02"]
[EventType "swiss"]
[EventRounds "9"]
[EventCountry "BEL"]
[SourceTitle "CBM 143 Extra"]
[Source "ChessBase"]
[SourceDate "2011.08.29"]
[SourceVersion "1"]
[SourceVersionDate "2011.08.29"]
[SourceQuality "1"]

1. d4 Nf6 2. c4 e6 3. Nc3 Bb4 4. e3 0-0 5. Bd3 d6 6. Nge2 e5 7. 0-0 Nc6 8. d5 Ne7 9. a3 Bxc3 10. Nxc3 Nd7 11. b4 f5 12. Bb2 f4 13. Be4 Nf6 14. Bf3 g5 15. exf4 gxf4 16. Ne4 Nxe4 17. Bxe4 Bf5 18. f3 Ng6 19. c5 Qg5 20. cxd6 cxd6 21. Rc1 Nh4 22. Qd2 Rf7 23. b5 Rg7 24. Rf2 Kh8 25. Kh1 Rag8 26. Rc2 Bh3 0-1

[Event "Brasschaat op 10th"]
[Site "Brasschaat"]
[Date "2010.08.19"]
[Round "6"]
[White "Knors, Rudi"]
[Black "Busschots, Johan"]
[Result "1-0"]
[WhiteElo "2120"]
[BlackElo "1946"]
[PlyCount "47"]
[EventDate "2010.08.14"]
[EventType "swiss"]
[EventRounds "9"]
[EventCountry "BEL"]
[SourceTitle "CBM 138 Extra"]
[Source "ChessBase"]
[SourceDate "2010.10.29"]
[SourceVersion "1"]
[SourceVersionDate "2010.10.29"]
[SourceQuality "1"]

1. d4 e6 2. Nf3 Nf6 3. g3 d5 4. Bg2 Be7 5. c4 dxc4 6. Na3 c5 7. 0-0 Nc6 8. dxc5 0-0 9. Bf4 Nd5 10. Bd6 Bxd6 11. cxd6 c3 12. bxc3 Qxd6 13. Qb3 Qc5 14. Rac1 Rd8 15. Rfd1 Bd7 16. c4 Na5 17. Qb2 Nb6 18. Ne5 Bc6 19. Nd3 Na4 20. Nxc5 Nxb2 21. Rxd8+ Rxd8 22. Bxc6 bxc6 23. Rc2 Rb8 24. Nb3 1-0

[Event "BEL-ch op"]
[Site "Westerlo"]
[Date "2010.07.08"]
[Round "6"]
[White "Busschots, Johan"]
[Black "Van Vliet, Dennis"]
[Result "0-1"]
[WhiteElo "1946"]
[BlackElo "2076"]
[PlyCount "43"]
[EventDate "2010.07.03"]
[EventType "swiss"]
[EventRounds "9"]
[EventCountry "BEL"]
[SourceTitle "CBM 137 Extra"]
[Source "ChessBase"]
[SourceDate "2010.09.01"]
[SourceVersion "1"]
[SourceVersionDate "2010.09.01"]
[SourceQuality "1"]

1. e4 e6 2. d4 d5 3. e5 c5 4. c3 Qb6 5. Nf3 Nc6 6. a3 Nh6 7. Bd3 a5 8. 0-0 cxd4 9. cxd4 Nf5 10. Bxf5 exf5 11. Nc3 Be6 12. Na4 Qb5 13. Be3 h6 14. h4 g6 15. Rc1 Be7 16. Re1 Rc8 17. Re2 b6 18. Nc3 Qa6 19. Qd2 b5 20. Bxh6 b4 21. Na4 Rxh6 22. Nc5 0-1

[Event "Brasschaat op 05th"]
[Site "Brasschaat"]
[Date "2005.08.26"]
[Round "7"]
[White "Busschots, Johan"]
[Black "Avontuur, Theo"]
[Result "0-1"]
[WhiteElo "1911"]
[BlackElo "2053"]
[PlyCount "52"]
[EventDate "2005.08.20"]
[EventType "swiss"]
[EventRounds "9"]
[EventCountry "BEL"]
[SourceTitle "CBM 108 Extra"]
[Source "ChessBase"]
[SourceDate "2005.11.04"]
[SourceVersion "1"]
[SourceVersionDate "2005.11.04"]
[SourceQuality "1"]

1. d4 Nf6 2. c4 c5 3. d5 d6 4. Nc3 g6 5. e4 Bg7 6. Be2 0-0 7. f4 Na6 8. Nf3 Bg4 9. 0-0 e6 10. h3 Bxf3 11. Bxf3 exd5 12. cxd5 Rb8 13. Re1 Nd7 14. Be2 Nc7 15. a4 Na6 16. Bxa6 bxa6 17. a5 Re8 18. Qd3 Qc8 19. Ra4 Qb7 20. Qc4 Bd4+ 21. Kh1 Re7 22. Re2 Rbe8 23. g4 Nf6 24. Qd3 Nxe4 25. Rxd4 Nxc3 26. Rxe7 Qxe7 0-1

[Event "Brasschaat op 04th"]
[Site "Brasschaat"]
[Date "2004.08.26"]
[Round "6"]
[White "Busschots, Johan"]
[Black "Dorjbajar, Dolgorsvren"]
[Result "0-1"]
[WhiteElo "1901"]
[BlackElo "1740"]
[PlyCount "26"]
[EventDate "2004.08.21"]
[EventType "swiss"]
[EventRounds "9"]
[EventCountry "BEL"]
[SourceTitle "EXT 2017"]
[Source "ChessBase"]
[SourceDate "2016.10.25"]
[SourceVersion "1"]
[SourceVersionDate "2016.10.25"]
[SourceQuality "1"]

1. d4 e6 2. e4 d5 3. Nc3 Bb4 4. e5 c5 5. a3 cxd4 6. Qg4 dxc3 7. axb4 cxb2 8. Bxb2 g6 9. Bd3 Nc6 10. Nf3 Qe7 11. Bc3 Qc7 12. Bd2 Nxe5 13. Qd4 Nxd3+ 0-1

[Event "Brasschaat op 03rd"]
[Site "Brasschaat"]
[Date "2003.08.??"]
[Round "4"]
[White "Mertens, Frans"]
[Black "Busschots, Johan"]
[Result "1-0"]
[WhiteElo "2033"]
[BlackElo "1868"]
[PlyCount "61"]
[EventDate "2003.08.24"]
[EventType "swiss"]
[EventRounds "9"]
[EventCountry "BEL"]
[SourceTitle "EXT 2017"]
[Source "ChessBase"]
[SourceDate "2016.10.25"]
[SourceVersion "1"]
[SourceVersionDate "2016.10.25"]
[SourceQuality "1"]

1. e4 e6 2. d4 d5 3. e5 c5 4. c3 Nc6 5. Nf3 Qb6 6. a3 c4 7. Be2 Bd7 8. Nbd2 Na5 9. Rb1 0-0-0 10. 0-0 Ne7 11. Ng5 Be8 12. b3 cxb3 13. Nxb3 Nxb3 14. Rxb3 Qc7 15. Bd2 Ba4 16. Nxf7 Ng6 17. Nxd8 Qxd8 18. Bb5 Bxb3 19. Qxb3 Kb8 20. Bc6 Qc7 21. Rb1 b6 22. Bb5 Ne7 23. c4 dxc4 24. Bxc4 Nf5 25. Bxe6 Nxd4 26. Qa2 Qxe5 27. Bd5 Bc5 28. Re1 Qf5 29. Be4 Qd7 30. Bf4+ Bd6 31. Qd5 1-0

[Event "Brasschaat op 03rd"]
[Site "Brasschaat"]
[Date "2003.08.??"]
[Round "6"]
[White "Van Camp, Koen"]
[Black "Busschots, Johan"]
[Result "1/2-1/2"]
[WhiteElo "1686"]
[BlackElo "1868"]
[PlyCount "110"]
[EventDate "2003.08.24"]
[EventType "swiss"]
[EventRounds "9"]
[EventCountry "BEL"]
[SourceTitle "EXT 2017"]
[Source "ChessBase"]
[SourceDate "2016.10.25"]
[SourceVersion "1"]
[SourceVersionDate "2016.10.25"]
[SourceQuality "1"]

1. e4 e6 2. Nf3 d5 3. exd5 exd5 4. d4 Bd6 5. Nc3 c6 6. Bd3 Bg4 7. h3 Bh5 8. Be2 Nd7 9. 0-0 Ne7 10. Re1 h6 11. a3 0-0 12. Bd3 Nf6 13. Be2 Qc7 14. Ne5 Bxe2 15. Rxe2 Ng6 16. f4 Ne7 17. Qd3 Nd7 18. Rf2 f6 19. Ng6 Nxg6 20. Qxg6 f5 21. Qe6+ Kh8 22. Qg6 Rf6 23. Qh5 Nf8 24. Bd2 Qf7 25. Qxf7 Rxf7 26. Re2 Ng6 27. g3 Re7 28. Rae1 Rae8 29. Rxe7 Rxe7 30. Rxe7 Nxe7 31. Kf2 Kg8 32. Be3 Kf7 33. Ne2 b5 34. Nc1 Nc8 35. Nd3 Nb6 36. Bc1 a5 37. b3 Nd7 38. b4 axb4 39. axb4 Nf6 40. Kf3 Ne4 41. Ne5+ Bxe5 42. dxe5 h5 43. g4 hxg4+ 44. hxg4 g6 45. g5 Ke6 46. Ke3 Nc3 47. Kd2 Na4 48. c3 Nb6 49. Kd3 Nd7 50. Kd4 Nf8 51. Be3 Kd7 52. Kd3 Ne6 53. Ke2 Nc7 54. Bc5 Ke6 55. Ke3 Kd7 1/2-1/2

[Event "Brasschaat op 02nd"]
[Site "Brasschaat"]
[Date "2002.08.??"]
[Round "2"]
[White "Beckers, Paul"]
[Black "Busschots, Johan"]
[Result "1/2-1/2"]
[WhiteElo "1612"]
[BlackElo "1808"]
[PlyCount "49"]
[EventDate "2002.08.??"]
[EventType "swiss"]
[EventRounds "7"]
[EventCountry "BEL"]
[SourceTitle "EXT 2005"]
[Source "ChessBase"]
[SourceDate "2004.11.15"]
[SourceVersion "1"]
[SourceVersionDate "2004.11.15"]
[SourceQuality "1"]

1. d4 Nf6 2. c4 e6 3. a3 c5 4. e3 d5 5. Nf3 Nc6 6. cxd5 exd5 7. Be2 c4 8. Nc3 Bg4 9. Bd2 Bd6 10. h3 Bf5 11. b3 cxb3 12. Qxb3 Qb6 13. Qxb6 axb6 14. Nb5 Bb8 15. 0-0 Kd7 16. Bb4 h6 17. Nd2 Re8 18. Rfc1 Ne4 19. Nxe4 Bxe4 20. Nc3 Ke6 21. Bb5 Bg6 22. Re1 f5 23. Ne2 Kd7 24. Nf4 Bf7 25. Nd3 1/2-1/2

[Event "Brasschaat op 01st"]
[Site "Brasschaat"]
[Date "2001.08.23"]
[Round "5"]
[White "Busschots, Johan"]
[Black "Corluy, Herman"]
[Result "1-0"]
[WhiteElo "1807"]
[BlackElo "1709"]
[PlyCount "71"]
[EventDate "2001.08.19"]
[EventType "swiss"]
[EventRounds "7"]
[EventCountry "BEL"]
[SourceTitle "EXT 2017"]
[Source "ChessBase"]
[SourceDate "2016.10.25"]
[SourceVersion "1"]
[SourceVersionDate "2016.10.25"]
[SourceQuality "1"]

1. Nf3 e6 2. g3 b6 3. Bg2 Bb7 4. 0-0 Nf6 5. d3 Be7 6. e4 d6 7. Nbd2 0-0 8. Nh4 Nbd7 9. f4 Ne8 10. Ndf3 f5 11. Ng5 Bxg5 12. fxg5 g6 13. exf5 Bxg2 14. Nxg2 exf5 15. Nf4 Ng7 16. Re1 Re8 17. Rxe8+ Qxe8 18. Bd2 c6 19. Qf1 Nc5 20. Re1 Qd7 21. Bc3 Nge6 22. h4 Re8 23. b4 Nb7 24. Qf2 d5 25. Rxe6 Rxe6 26. Nxe6 Qxe6 27. Qd4 Kf7 28. Qg7+ Ke8 29. Qxb7 Qe3+ 30. Kf1 Qf3+ 31. Ke1 Qe3+ 32. Kd1 Qf3+ 33. Kc1 Qe3+ 34. Kb2 d4 35. Qxc6+ Ke7 36. Qf6+ 1-0